| 000 | 00508nam a2200193Ia 4500 | ||
|---|---|---|---|
| 003 | OSt | ||
| 005 | 20230508060838.0 | ||
| 008 | 210423s2000 xx 000 0 und d | ||
| 040 | _cAL | ||
| 041 | _aeng | ||
| 082 |
_a304.6 _223 _bBOSI |
||
| 100 |
_aBOSE (Ashish). _999642 |
||
| 245 | _aIndias billion plus people. | ||
| 260 |
_aNew Delhi _bB R Publishing Corporation _c2000 |
||
| 365 |
_b400 _cINR |
||
| 650 |
_aSocial Behaviour _999643 |
||
| 906 | _abillion ; Indias ; people. ; plus | ||
| 942 |
_2ddc _cBK |
||
| 999 |
_c171455 _d171455 |
||